01544nam a2200301Ia 4500003000900000005001700009008004100026020001800067040002800085082002000113100004100133245014100174260003300315300002600348490002000374500002100394504002600415650007700441650007900518650004300597650003700640942000700677999001700684952013600701952013800837952013400975952013301109CO-ViMGA20230915233142.0160801s2009 ck a g 000 0 spa  a9789583008580 aCO-ViMGAbspacCO-ViMGA04a616.9792 bL86s1 aLuque Nuñez, Ricardod1959-95937013aEl sida : en primera personaben primera persona. Información y claves para el logro de acuerdos preventivosc Ricardo Luque Nïñez aBogotábPanamericanac2009 a187 p. :bil.c23 cm  aCiencia & Salud aIncluye índice aIncluye bibliopgrafia142LEMBaEnfermedades de transmisión sexual xAtención médica 959373142LEMBaEnfermedades de transmisión sexual xCuidado y tratamiento 959372142LEMBaSida xAspectos sociales 959371142LEMBaSida xPrevención 92613 cBK c35903d35903 00102ddc40708002aMEVIECARbMEVIECARd2016-09-02g54667.00l0o616.9792 L86sp30410r2016-09-02 00:00:00tEj. 1w2016-09-02yBK 001040708001aMEVIGERRbMEVIGERRcGENd2004-06-19o616.9792 L86spECA14633r2024-11-26 09:29:47tEj.1w2024-11-26yBKz1436 | 1713 00102ddc40708GENaMEPLOPEZbMEPLOPEZcGENd2025-06-25l0o616.9792 L86spPLZ02410r2025-06-25 10:22:28tEj.1w2025-06-25yBK 00102ddc40708GENaMEBAUPIAbMEBAUPIAcGENd2025-07-07l0o616.9792 L86spBUP1689r2025-07-07 17:17:49tEj.1w2025-07-07yBK